000
00341nam a2200133Ia 4500
008
240624s9999 xx 000 0 und d
041
_a
eng
082
_a
658.4092 BLA
100
_a
BLANCHARD KEN
245
_a
LEADING AT A HIGHER LEVEL
260
_c
2007
_a
New Delhi
_b
Pearson Education
300
_a
xxiv, : 355 : p. : cm. ; 23
365
_c
RS
999
_c
6212
_d
6212